| 000 | 00353nam a2200133Ia 4500 | ||
|---|---|---|---|
| 008 | 220217s9999||||xx |||||||||||||| ||und|| | ||
| 020 | _a81-2612-735-X | ||
| 082 | _a540.03 GEO | ||
| 100 |
_aGeorge, Thomas _97514 |
||
| 245 | 0 | _aDictionary of nanotechnology | |
| 260 |
_aAnmol _bNew Delhi _c2006 |
||
| 300 |
_a288p.;28cm _b80 |
||
| 650 | _aCHEMISTRY | ||
| 999 |
_c181116 _d181116 |
||